Monasterio de las Huelgas y Palacio de la Isla, de Burgos y Monasterio de Santa Clara, de Tordesillas (Valladolid) (Record no. 108608)
[ view plain ]
| 000 -LEADER | |
|---|---|
| campo de control de longitud fija | 00932nam a2200217 4500 |
| 001 - NÚMERO DE CONTROL | |
| campo de control | 108608 |
| 003 - IDENTIFICADOR DE NÚMERO DE CONTROL | |
| campo de control | ES-MaACL |
| 005 - FECHA Y HORA DE LA ÚLTIMA TRANSACCIÓN | |
| campo de control | 20250610161239.0 |
| 007 - CAMPO FIJO DE DESCRIPCIÓN FÍSICA--INFORMACIÓN GENERAL | |
| campo de control de longitud fija | t| |
| 008 - DATOS DE LONGITUD FIJA--INFORMACIÓN GENERAL | |
| campo de control de longitud fija | 061121s1971 sp r ||||1| spa d |
| 100 1# - ENTRADA PRINCIPAL--NOMBRE DE PERSONA | |
| Nombre de persona | Monteverde, José Luis. |
| 9 (RLIN) | 82619 |
| 245 10 - MENCIÓN DEL TÍTULO | |
| Título | Monasterio de las Huelgas y Palacio de la Isla, de Burgos y Monasterio de Santa Clara, de Tordesillas (Valladolid) |
| Resto del título | : guía turística / |
| Mención de responsabilidad, etc. | comentario y notas: Monasterio de la Huelgas: José Luis Monteverde, Palacio de la Isla: Tomás Borrás y Monasterio de Santa Clara: Angel Oliveras Guart. |
| 260 ## - PUBLICACIÓN, DISTRIBUCIÓN, ETC. | |
| Lugar de publicación, distribución, etc. | Madrid : |
| Nombre del editor, distribuidor, etc. | Patrimonio Nacional, |
| Fecha de publicación, distribución, etc. | 1971. |
| 300 ## - DESCRIPCIÓN FÍSICA | |
| Extensión | 62 p., 24 láms. ; |
| Dimensiones | 17 cm. |
| 490 1# - MENCIÓN DE SERIE | |
| Mención de serie | Guías turísticas Patrimonio Nacional |
| 700 1# - ENTRADA AGREGADA--NOMBRE PERSONAL | |
| Nombre de persona | Borrás, Tomás, |
| Fechas asociadas al nombre | 1891-1976 |
| 9 (RLIN) | 30556 |
| 700 1# - ENTRADA AGREGADA--NOMBRE PERSONAL | |
| Nombre de persona | Oliveras Guart, Angel. |
| 9 (RLIN) | 86863 |
| 830 0# - PUNTO DE ACCESO ADICIONAL DE SERIE-TÍTULO UNIFORME | |
| Título uniforme | Guías turísticas Patrimonio Nacional |
| 9 (RLIN) | 184323 |
| 852 ## - LOCALIZACIÓN | |
| Ubicación | ES-MaACL |
| Número de control de estantería | L-5537 |
| Estatus retirado | Estado de pérdida | Estado de daño | No para préstamo | Biblioteca de origen | Biblioteca actual | Ubicación en estantería | Fecha de adquisición | Fuente de adquisición | Total de préstamos | Signatura topográfica completa | Código de barras | Visto por última vez | Precio de reemplazo | Tipo de ítem Koha |
|---|---|---|---|---|---|---|---|---|---|---|---|---|---|---|
| Biblioteca del Ateneo de Madrid | Biblioteca del Ateneo de Madrid | Depósito 2 | 17/01/2008 | L-5537 | 1113327 | 23/02/2023 | 23/02/2023 | Libro impreso |
